[Event "North American-ch U20 Girls"]
[Site "Dulles"]
[Date "2023.12.22"]
[Round "8"]
[White "Wang, Lilian"]
[Black "Huang, Lulu"]
[Result "1-0"]
[WhiteElo "1679"]
[BlackElo "1275"]
[PlyCount "57"]
[EventDate "2023.12.19"]
[EventType "swiss"]
[EventRounds "9"]
[EventCountry "USA"]
[SourceTitle "CB52_2023"]
[SourceDate "2023.12.27"]
[SourceVersion "1"]
[SourceVersionDate "2023.12.27"]
[SourceQuality "1"]

1. e4 e5 2. Nf3 Nc6 3. d4 exd4 4. Nxd4 Bc5 5. Nb3 Bb6 6. Nc3 d6 7. Qe2 Nf6 8. f3 a6 9. Be3 Bxe3 10. Qxe3 Qe7 11. 0-0-0 Be6 12. Nd4 Bd7 13. g4 0-0-0 14. g5 Ng8 15. Nd5 Qe8 16. Nxc6 Bxc6 17. Qa7 Bxd5 18. exd5 c5 19. dxc6 Qxc6 20. Bh3+ Kc7 21. Rd3 d5 22. Rc3 d4 23. Rxc6+ Kxc6 24. Rd1 Ne7 25. Rd2 d3 26. Rxd3 Nd5 27. Rd4 Kd6 28. Rc4 Ke5 29. Qc5 1-0

[Event "US op 121st"]
[Site "Cherry Hill"]
[Date "2021.08.03"]
[Round "4"]
[White "Benjamin, Joel"]
[Black "Wang, Lilian"]
[Result "1-0"]
[WhiteElo "2499"]
[BlackElo "1486"]
[PlyCount "55"]
[EventDate "2021.07.31"]
[EventType "swiss"]
[EventRounds "9"]
[EventCountry "USA"]
[SourceTitle "CBM 203 Extra"]
[Source "ChessBase"]
[SourceDate "2021.09.30"]
[SourceVersion "1"]
[SourceVersionDate "2021.09.30"]
[SourceQuality "1"]

1. d4 d5 2. c4 e6 3. Nc3 c5 4. cxd5 exd5 5. Nf3 Nc6 6. g3 c4 7. Bg2 Bb4 8. 0-0 Nge7 9. Bf4 Bxc3 10. bxc3 0-0 11. Rb1 a6 12. a4 Qa5 13. Qd2 b5 14. Bd6 Be6 15. Ne5 Rfd8 16. Bc5 f6 17. Nxc6 Nxc6 18. e4 Rab8 19. exd5 Bxd5 20. Bxd5+ Rxd5 21. Qe3 Rxc5 22. dxc5 Ne5 23. f4 Nd3 24. Qe6+ Kh8 25. Qxc4 Rd8 26. axb5 axb5 27. Rxb5 Qc7 28. Rd1 1-0